Formato MARC21

Signatura BDML-MML-Ms-M000770
Número de control M000770
Registro MARC21
El chasito
=001 M000770
=003 BDML
=005 19042026084328
=008 190426||||||||||||||||||||||||||||||||||
=031 ##$a1$b1$c1$gG-2$mClarinete$nbB$o2/4$p''8AxGA//'''C''A-'''C/-C''nB'''C/D''A-'''D/$2pe
=040 ##$aBDML$bspa$cBDML
=092 ##$aBDML$bBDML$cEC$dMs$0M000770
=100 1#$aJara Aguilar, José Antonio$d1922 - 1976$jCertificada
=245 10$aEl chasito$h[música manuscrita]
=300 ##$a3 folios$c34.1 x 24.1 cm
=340 ##$dManuscrito
=348 ##$aPartitura
=382 ##$aBanda$bpiano
=384 0#$aRe menor
=500 ##$aDatos tomados del encabezado de la música.
=520 ##$aEn el reverso del tercer folio se lee le siguiente texto: ´¨ Al S y Fin¨.
=545 0#$aJosé Antonio “El Chaso” Jara Aguilar, nació en Zaruma el 20 de julio 1922, fue compositor, cantante, guitarrista, director de orquesta y bandas. Músico precoz, desde muy joven integró la banda de músicos de la Municipalidad de Zaruma. Sus maestros fueron los músicos Antonio Hidalgo (director de la Banda de Portovelo), David Pacheco y Segundo Bustamante. Fue profesor de música de la Escuela Guillermo Maldonado Valencia. En 1940 fundó y dirigió el grupo musical Oriental Boys; además, integró el trio -y luego quinteto- Los Aztecas; también dirigió́ las agrupaciones Los Cancioneros de El Oro; Los Imbayas (1949), la orquesta Los Bemoles (inicios de los años 50) y el dúo Jara Orellana (José́ Antonio Jara y Manuel “Peto” Orellana). Compuso obras populares como el bolero “Olvidarte jamás”, grabado por Julio Jaramillo, Los Panchos y otros destacados artistas internacionales; el pasillo “¿Por qué́ me haces sufrir?”; y el pasacalle “Zaruma Oro y Sol”, con versos de Julio Espinoza Apolo. Falleció en Balzar el 30 de marzo de 1976.$uhttps://www.facebook.com/share/1DpAD2irqb/
=650 04$aPasacalles$ySiglo XX$zEcuador, Loja
=773 1#$aJara Aguilar, José Antonio (1922 - 1976)$tEl chasito$wM000607
=852 ##$aMuseo de la Música Salvador Zaragocín Tapia$hAnexo 18 (a)